000 00536nam a2200169Ia 4500
005 20250508155633.0
008 008 250505s9999 xx 000 0 eng d
037 _aBooks to be hide in OPAC
040 _aFEDL
_beng
_cFEDL
041 _aeng
_2eng
084 _a379.5479, BOM
_qFEDL
245 0 _aSupplement to the report on public instruction in the Bombay province 1937-38
260 _aBombay, India
_bGvoernment Central Press
_c1939
300 _a231p.
942 _cHB
_h379.5479, BOM
999 _c1358422
_d1358422